| 000 | 00995nam a22002897a 4500 | ||
|---|---|---|---|
| 001 | 4499 | ||
| 003 | FISKH | ||
| 005 | 20240912105252.0 | ||
| 008 | 240912b cb ||||| |||| 00| 0 eng d | ||
| 020 | _a9781570916366 | ||
| 040 |
_aFISKH _beng _cFISKH _dFISKH |
||
| 050 | _aPZ7.R429 | ||
| 082 | _a813.6 | ||
| 100 |
_aRies, Lori _eauthor |
||
| 245 |
_aAggie the brave / _cby Lori Ries : illustrated by Frank W. Dormer |
||
| 250 | _aFirst paperback edition 2012 | ||
| 260 |
_aSingapore : _bCharlesbridge ; _c2010. |
||
| 300 |
_a48 pages : _bcolor illustrations ; _c23 cm . |
||
| 505 | _aG | ||
| 520 | _aAlthough Ben is worried about his dog Aggie when the veterinarian spays her and while she recovers, he laughs at her problems with the cone she must wear on her head until her stitches are removed. | ||
| 521 | 8 |
_a390
_bLexile |
|
| 521 | 8 |
_aG
_bRaz-Plus |
|
| 650 |
_adogs _vfiction |
||
| 700 |
_aDormer, Frank W _eillustrator |
||
| 942 |
_2ddc _cBK _n0 |
||
| 999 |
_c4499 _d4499 |
||